| 000 | 00742nam a2200217Ia 4500 | ||
|---|---|---|---|
| 001 | 11467 | ||
| 003 | GE_BSU | ||
| 008 | 181216s||||||||xx |||||||||||||| ||und|| | ||
| 040 | _cGE_BSU | ||
| 080 | _a634.752(479.22) | ||
| 100 | _aლასარეიშვილი,ლ. | ||
| 245 | _aმარწყვის კულტურა საქართველოში. | ||
| 245 | _cრედ:ი.სარიშვილი. | ||
| 260 | _aთბილისი. | ||
| 260 | _bთბილისის უნ–ტის გამ–ბა. | ||
| 260 | _c1973. | ||
| 300 | _a320გვ;22სმ. | ||
| 300 | _eცხრ. | ||
| 653 | _aმარწყვის კულტურა საქართველოში. | ||
| 942 | _cBK | ||
| 999 |
_c44664 _d44664 |
||